LEADER 01530cam--2200385---450- 001 990005871040203316 005 20130712123953.0 035 $a000587104 035 $aUSA01000587104 035 $a(ALEPH)000587104USA01 035 $a000587104 100 $a20130711d1907----km-y0itay50------ba 101 0 $aeng 102 $aGB 105 $aa---||||001yy 200 1 $a<> poetry of architecture, or The architecture of the nations of Europe considered in its association with natural scenery and national character$fby John Ruskin 210 $aLondon$cG. Routledge & sons$d1907 215 $aXII, 276 p., [26] carte di tav.$cill.$d15 cm 225 2 $a<> new universal library 410 0$12001$a<> new universal library 517 1 $a<> architecture of the nations of Europe considered in its association with natural scenery and national character 606 0 $aCase$xArchitettura$yEuropa$2BNCF 676 $a728.094 700 1$aRUSKIN,$bJohn$011255 801 0$aIT$bsalbc$gISBD 912 $a990005871040203316 951 $aXV.2.A. 1647$b3364 F.C.$cXV.2.A.$d00342054 959 $aBK 969 $aCUOMO 979 $aPALERMO$b90$c20130711$lUSA01$h1412 979 $aPALERMO$b90$c20130711$lUSA01$h1413 979 $aPALERMO$b90$c20130711$lUSA01$h1532 979 $aANNAMARIA$b90$c20130712$lUSA01$h1239 996 $aPoetry of architecture, or The architecture of the nations of Europe considered in its association with natural scenery and national character$91085918 997 $aUNISA LEADER 02031oam 2200577 450 001 9910711867703321 005 20190201091337.0 035 $a(CKB)5470000002487403 035 $a(OCoLC)1046653806 035 $a(EXLCZ)995470000002487403 100 $a20180730d1956 ua 0 101 0 $aeng 135 $aur||||||||||| 181 $ctxt$2rdacontent 182 $cc$2rdamedia 183 $acr$2rdacarrier 200 10$aSurface water supply of the United States, 1954$hPart 12$iPacific slope basins in Washington and upper Columbia River Basin /$fprepared under the direction of J.V.B. Wells 210 1$a[Washington, D.C.] :$cUnited States Department of the Interior, Geological Survey,$d1956. 215 $a1 online resource (x, 396 pages) $cillustrations, map 225 1 $aGeological Survey water-supply paper ;$v1346 300 $a"Prepared in cooperation with the States of Idaho, Montana, and Washington, and with other agencies." 300 $aIncludes index. 517 3 $aPacific slope basins in Washington and upper Columbia River Basin 606 $aWater quality$zColumbia River Watershed 606 $aWater quality$zWashington (State) 606 $aWater-supply$zColumbia River Watershed 606 $aWater-supply$zWashington (State) 606 $aWater quality$2fast 606 $aWater-supply$2fast 607 $aUnited States$zColumbia River Watershed$2fast 607 $aWashington (State)$2fast 615 0$aWater quality 615 0$aWater quality 615 0$aWater-supply 615 0$aWater-supply 615 7$aWater quality. 615 7$aWater-supply. 700 $aWells$b J. V. B.$01385991 701 $aWashington$0840468 712 02$aGeological Survey (U.S.), 712 02$aIdaho. 712 02$aMontana. 801 0$bCOP 801 1$bCOP 801 2$bOCLCO 801 2$bOCLCF 801 2$bGPO 906 $aBOOK 912 $a9910711867703321 996 $aSurface water supply of the United States, 1954$93547824 997 $aUNINA LEADER 03179nam 2200949z- 450 001 9910743281803321 005 20230911 035 $a(CKB)5690000000228489 035 $a(oapen)doab113966 035 $a(EXLCZ)995690000000228489 100 $a20230920c2023uuuu -u- - 101 0 $aeng 135 $aurmn|---annan 181 $ctxt$2rdacontent 182 $cc$2rdamedia 183 $acr$2rdacarrier 200 00$aChina Water Forum 2022 210 $cMDPI - Multidisciplinary Digital Publishing Institute$d2023 215 $a1 online resource (202 p.) 311 08$a3-0365-8638-5 330 $aWe summarized China's water security status and issues based on the papers published in the Special Issue entitled "China Water Forum 2022". Our summaries and the published papers in this Special Issue are compiled into a reprint to help readers understand current research progresses on this topic. 606 $aEnvironmental economics$2bicssc 606 $aResearch & information: general$2bicssc 610 $aadaptive utilization capacity of water resources 610 $acarbon dioxide emission equivalent (CEE) 610 $acarbon dioxide emission equivalent analysis (CEEA) 610 $acomprehensive co-evolution model 610 $aconnotation 610 $acorrelation analysis 610 $adam construction 610 $adata-driven models 610 $adissolved organic matter 610 $aecological water demand (EWD) 610 $aEEMs-PARAFAC 610 $aequivalent analysis 610 $afreshwater lens 610 $afunction table of carbon dioxide emission equivalent analysis (FT-CEEA) 610 $agated recurrent units 610 $agenetic algorithm 610 $agreen development 610 $agroundwater level prediction 610 $aharmony theory 610 $aHebei Plain 610 $ahierarchy of needs 610 $aHulun Lake 610 $aindex system 610 $aindicator system 610 $ainland river 610 $alake area 610 $aminimum water level 610 $amodel performance 610 $an/a 610 $anumerical simulation 610 $apaleoenvironmental reconstruction 610 $aprecipitation 610 $aproduction flow component 610 $aRHI 610 $arunoff variation 610 $asedimentary grain size 610 $ashared socio-economic pathways 610 $asimulation prediction 610 $asmall coral island 610 $aSonghua River Basin 610 $asupport vector machine 610 $asustainable exploitation 610 $asystem dynamics 610 $asystematic solution 610 $aTarim River Basin 610 $atemperature 610 $aurban agglomeration 610 $aurban streams 610 $awater diversion 610 $awater quality 610 $awater resource behaviors (WRBs) 610 $awater-saving level 610 $aWEP-N model 615 7$aEnvironmental economics 615 7$aResearch & information: general 906 $aBOOK 912 $a9910743281803321 996 $aChina Water Forum 2022$93560336 997 $aUNINA